| 000 | 00837cab a2200193 4500 | ||
|---|---|---|---|
| 001 | ##L132744 | ||
| 008 | 060306n2006 000 0 eng u | ||
| 035 | _a(Sirsi) u132744 | ||
| 041 | 0 | _aeng | |
| 100 | 1 | _aHardie, Steven | |
| 245 | 0 | 4 | _aThe story so far |
| 260 | _c2006 | ||
| 490 | 0 |
_aRICS Building Control _v(167) March 2006, 12-13(2) |
|
| 520 | _aTraces the development of global interest and concern over the environment in the last 50 years. Looks at the key events in that period, including the Rio Earth Summit of 1992 and the Kyoto Protocol of 1997, and reports on the latest research on global warming. | ||
| 590 | _aIKA140306 | ||
| 650 | 2 | 4 | _aKYOTO PROTOCOL TO THE UNITED NATIONS FRAMEWORK CONVENTION ON CLIMATE CHANGE |
| 690 | _aENVIRONMENTAL AND LAND CONSULTANCY-SUSTAINABILITY-SUSTAINABLE DEVELOPMENT | ||
| 942 | _n0 | ||
| 999 |
_c76596 _d76596 |
||